| 000 | 00571nam a22001937a 4500 | ||
|---|---|---|---|
| 003 | CEME | ||
| 005 | 20210628202744.0 | ||
| 008 | 210122b xxu||||| |||| 00| 0 eng d | ||
| 020 | _a1-59693-018-7 | ||
| 040 | _cceme | ||
| 082 | _a621.381535 CRI | ||
| 100 |
_aCripps, Steve C _961444 |
||
| 245 | _aRf power amplifiers for wireless communications | ||
| 250 | _a2ND | ||
| 260 |
_aNEW YORK _bARTECH HOUSE _c2006 |
||
| 300 | _aXI460 P | ||
| 650 |
_aAMPLIFIERS - RADIO FREQUENCY.POWER AMPLIFIERS.RF POWER AMPLIFIERS FOR WIRELESS COMMUNICATIONS _961445 |
||
| 942 |
_cBK _2ddc |
||
| 999 |
_c570893 _d570893 |
||